MARC

LEADER 00000nas a22000007a 4500
001 ssj0001034592
003 WaSeSS
005 20200512172242.0
006 m d
007 cr n
008 110208c20119999inuar pss | a0eng
010 |a  2011200716 
022 |a 2159-824X  |y 2159-8231 
035 |a (WaSeSS)ssj0001034592 
037 |b Marlowe Studies, Indiana University-Purdue University Fort Wayne, 2101 East Coliseum Boulevard, Fort Wayne, IN 46805-1499 
040 |a marlowe studiesDLC  |b eng  |c DLC  |d DLC  |d OCLCQ  |d DLC  |d OCLCF  |d OCLCO  |d OCL  |d OCLCO  |d OCLCQ  |d NTG  |d OCL  |d UAB  |d VT2  |d U3W  |d CUS  |d WaSeSS 
042 |a pcc  |a nsdp 
050 1 4 |a PR2672 
082 1 0 |a 820  |2 14 
222 0 |a Marlowe studies  |b (Online) 
245 0 0 |a Marlowe studies  |h [electronic resource] :  |b an annual. 
260 |a Fort Wayne, IN :  |b Indiana University-Purdue University Fort Wayne & the Purdue Research Foundation 
310 |a Annual 
362 1 |a Began with: Vol. 1 (2011). 
506 |a License restrictions may limit access. 
588 |a Description based on: Vol. 1 (2011); title from pdf cover (IPFW.edu website, viewed on Nov. 21, 2011). 
588 |a Latest issue consulted: Vol. 1 (2011) (website, viewed on Nov. 21, 2011). 
600 1 0 |a Marlowe, Christopher,  |d 1564-1593  |x Criticism and interpretation  |v Periodicals. 
600 1 7 |a Marlowe, Christopher,  |d 1564-1593.  |2 fast  |0 (OCoLC)fst00028407 
648 7 |a 1500 - 1700  |2 fast 
650 0 |a English literature  |y Early modern, 1500-1700  |x History and criticism  |v Periodicals. 
650 7 |a English literature  |x Early modern.  |2 fast  |0 (OCoLC)fst01710960 
655 0 |a Electronic journals. 
710 2 |a Purdue Research Foundation. 
776 0 8 |i Print version:  |t Marlowe studies  |x 2159-8231  |w (DLC) 2011200715  |w (OCoLC)701072920 
856 4 0 |z Full text available from Research Library: 01/01/2011 to 01/31/2015  |u https://search.proquest.com/publication/1316369